| 000 | 00405nam a22001217a 4500 | ||
|---|---|---|---|
| 999 |
_c9467 _d9467 |
||
| 003 | OSt | ||
| 008 | 201203b ||||| |||| 00| 0 eng d | ||
| 245 | _aIndian Journal Of Fiber And Textile Research | ||
| 250 | _a2012( Mar Vol.37 No.1, Jun Vol.37 No.2, Sep Vol.37 No.3, Dec Vol.37 No.4 ) | ||
| 260 |
_aNew Delhi _bNational Institute Of Science Com. And Inf. |
||
| 650 | _aTextile Engineering | ||
| 942 |
_2ddc _cBV |
||